| Tag |
First Indicator |
Second Indicator |
Subfields |
| LEADER |
00000cam a2200000 a 4500 |
| 001 |
in00000085960 |
| 005 |
20151008064358.0 |
| 008 |
800623s1980 ilu b 00110 engm |
| 010 |
|
|
|a 80116156
|
| 035 |
|
|
|a (OCoLC)06488480
|
| 035 |
|
|
|9 AAK4069AM
|
| 040 |
|
|
|a DLC
|c DLC
|d m.c.
|d VET
|d TXA
|d UtOrBLW
|
| 049 |
|
|
|a TXAM
|c [1672884]
|
| 050 |
0 |
0 |
|a RD93
|b .A48 1980
|
| 082 |
0 |
|
|a 617/.1/0012
|
| 096 |
|
|
|a WO 700 A64 1980
|
| 110 |
2 |
|
|a American Association for Automotive Medicine.
|b Committee on Injury Scaling.
|
| 245 |
1 |
4 |
|a The abbreviated injury scale :
|b AIS-80 /
|c Committee on Injury Scaling, John D. States [and others].
|
| 250 |
|
|
|a 1980 revision.
|
| 264 |
|
1 |
|a Morton Grove, IL :
|b American Association for Automotive Medicine,
|c [1980]
|
| 264 |
|
4 |
|c ©1980
|
| 300 |
|
|
|a 57 pages (pages 57 blank) ;
|c 23 cm.
|
| 336 |
|
|
|a text
|b txt
|2 rdacontent
|
| 337 |
|
|
|a unmediated
|b n
|2 rdamedia
|
| 338 |
|
|
|a volume
|b nc
|2 rdacarrier
|
| 504 |
|
|
|a Includes bibliographical references and index.
|
| 650 |
|
0 |
|a Wounds and injuries
|x Classification.
|
| 650 |
|
0 |
|a Crash injuries
|x Classification.
|
| 650 |
|
2 |
|a Wounds and Injuries.
|
| 650 |
|
2 |
|a Accidents.
|
| 700 |
1 |
|
|a States, John D.
|
| 999 |
|
|
|a MARS
|
| 999 |
f |
f |
|s 3d053836-48a2-39bb-a699-4c5722a28fc0
|i 1bcecea0-6922-30a6-a5f1-819cba2bd08e
|t 0
|
| 952 |
f |
f |
|p ric
|a Texas A&M University
|b Rellis Campus
|c Joint Library Facility
|d Remote Storage
|t 0
|e RD93 .A48 1980
|h Library of Congress classification
|i unmediated -- volume
|m A14841530118
|
| 998 |
f |
f |
|a RD93 .A48 1980
|t 0
|l Remote Storage
|